Megacities in Asia, with exceptions - Statistics

General Stats
  • This quiz has been taken 59 times
  • The average score is 10 of 11
Answer Stats
Hint Answer % Correct
Turkey Istanbul
98%
Indonesia Jakarta
98%
Japan Osaka
98%
South Korea Seoul
98%
Japan Tokyo
98%
Philippines Manila
96%
Iran Tehran
96%
Bangladesh Dhaka
92%
Pakistan Lahore
90%
Pakistan Karachi
88%
Japan Nagoya
82%
No matching quizzes found
Score Distribution
Percent of People with Each Score
Percentile by Number Answered
Your Score History
You have not taken this quiz